ՀՀ Գիտությունների ազգային ակադեմիայի հիմնարար գիտական գրադարան  =   Fundamental Scientific Library of NAS RA

Des heiligen Irenaus Schrift zum Erweise der apostolischen Verkundigung : (Record no. 203159)

MARC details
000 -LEADER
fixed length control field 01908cam a22003011i 4500
001 - CONTROL NUMBER
control field 000609196
003 - CONTROL NUMBER IDENTIFIER
control field AM-YeHGA
005 - DATE AND TIME OF LATEST TRANSACTION
control field 20250618073015.0
008 - FIXED-LENGTH DATA ELEMENTS--GENERAL INFORMATION
fixed length control field 781006s1907 gw 001 0 ger d
040 ## - CATALOGING SOURCE
Original cataloging agency AM-YeHGA
041 0# - LANGUAGE CODE
Language code of text/sound track or separate title ger
-- arm
-- grc
090 ## - LOCALLY ASSIGNED LC-TYPE CALL NUMBER (OCLC); LOCAL CALL NUMBER (RLIN)
-- 204652
100 0# - MAIN ENTRY--PERSONAL NAME
Personal name Irenaeus,
Titles and words associated with a name Saint, Bp. of Lyons
245 14 - TITLE STATEMENT
Title Des heiligen Irenaus Schrift zum Erweise der apostolischen Verkundigung :
Remainder of title ΕΙΣ ΕΠΙΔΕΙΞΙΝ ΤΟΥ ΑΠΟΣΤΟΛΙΚΟΥ ΚΗΡΥΓΜΑΤΟΣ ; Irenaeus gegen die Haretiker : ΕΛΕΓΧΟΣ ΚΑΙ ΑΝΑΤΡΟΠΗ ΤΗΣ ΨΕΥΔΩΝΥΜΟΥ ΓΝΩΣΕΩΣ : Buch IV u. V /
Statement of responsibility, etc. In armenischer Version entdeckt ; Hrsg. und ins Deutsche ubersetzt von Karapet Ter-Mekerttschian und Erwand Ter-Minassiantz ; Mit einem Nachwort und Anmerkungen von Adolf Harnack ;.
260 ## - PUBLICATION, DISTRIBUTION, ETC.
Place of publication, distribution, etc. Leipzig :
Name of publisher, distributor, etc. J. C. Hinrichs,
Date of publication, distribution, etc. 1907.
300 ## - PHYSICAL DESCRIPTION
Extent viii, 68, viii, 264 p. ;
Dimensions 23 cm.
440 #0 - SERIES STATEMENT/ADDED ENTRY--TITLE
Title Texte und Untersuchungen zur Geschichte der altchristlichen Literatur ;
Number of part/section of a work Reihe 3,
Volume/sequential designation Bd. 31, Heft 1 ; Band 35, Heft 2 (3. Reihe, 5. Bd., Hft. 2)
500 ## - GENERAL NOTE
General note Armenian text and German translation.
500 ## - GENERAL NOTE
General note Includes index.
505 0# - FORMATTED CONTENTS NOTE
Formatted contents note 1. Des heiligen Irenaus Schrift zum Erweise der apostolischen Verkundigung / Hrsg. und ins Deutsche ubersetzt von Karapet Ter-Mekerttschian und Erwand Ter-Minassiantz; 2. Irenaeus gegen die Haretiker : Buch IV u. V / in armenischer Version entdeckt von Karapet Ter-Mekerttschian ; Hrsg. von Erwand Ter-Minassiantz (Publ. in 1910)
650 14 - SUBJECT ADDED ENTRY--TOPICAL TERM
Topical term or geographic name entry element Theology
700 02 - ADDED ENTRY--PERSONAL NAME
Personal name Irenaeus,
Titles and other words associated with a name Saint, Bishop of Lyon.
Title of a work Irenaeus gegen die Haretiker
700 1# - ADDED ENTRY--PERSONAL NAME
Personal name Տեր-Մկրտչյան, Կարապետ
Titles and other words associated with a name Եպիսկոպոս,
Dates associated with a name 1866-1915
Relationship edt
-- trl
9 (RLIN) 3949
700 1# - ADDED ENTRY--PERSONAL NAME
Personal name Տեր-Մինասյան, Երվանդ Գալուստի,
Dates associated with a name 1879-1974
Relationship edt
-- trl
9 (RLIN) 2833
700 1# - ADDED ENTRY--PERSONAL NAME
Personal name Harnack, Adolf
Relationship aui
740 2# - ADDED ENTRY--UNCONTROLLED RELATED/ANALYTICAL TITLE
Uncontrolled related/analytical title Irenaeus gegen die Haretiker : Buch IV u. V
942 ## - ADDED ENTRY ELEMENTS (KOHA)
Source of classification or shelving scheme Universal Decimal Classification
Koha item type Գրքեր / Books
Holdings
Withdrawn status Lost status Source of classification or shelving scheme Damaged status Not for loan Collection Home library Current library Date acquired Total checkouts Full call number Barcode Date last seen Price effective from Koha item type Public note
    Universal Decimal Classification     Agulian Individual Collection Fundamental Scientific Library Fundamental Scientific Library 28/12/2016   Agul/1204-05 FL0082815 28/12/2016 28/12/2016 Գրքեր / Books ILL Non-Circ.


ՀՀ ԳԱԱ հիմնարար գիտական գրադարան
ՀՀ,Երևան 0019
Մարշալ Բաղրամյան 24/6
հեռախոս:(374-10) 52-47-50
Հետադարձ կապ

All site content, except where otherwise noted, is licensed under a
Creative Commons License